Sports Quiz

Random Sports Quiz

Anyone but Toni Kroos Quiz Stats

 Plays Quiz not verified by Sporcle

Score 0/122 Timer 15:00
0 Plays Today
Hint Answer % Correct
Most expensive departures of Bayern München ever (Kroos second with 25 Mio.)Douglas Costa
92.6%
Played 7 matches at FIFA World Cup 2014 (Germany Champions)Messi
89.7%
Dream Team of World Cup 2018 (voted by Internet-Users, not by FIFA)Lionel Messi
89.7%
Played 7 matches at FIFA World Cup 2014 (Germany Champions)Neuer
88.2%
Dream Team of World Cup 2018 (voted by Internet-Users, not by FIFA)Manuel Neuer
88.2%
Dream Team of World Cup 2018 (voted by Internet-Users, not by FIFA)Neymar
88.2%
Dream Team of World Cup 2018 (voted by Internet-Users, not by FIFA)Marcelo
86.8%
Started in CL Final 2016/2017 and 2018 for Real MadridRonaldo
86.8%
Team of tournament UEFO Euro 2016Ronaldo
86.8%
Germany's XI in his first match 03.03.2010 (lost 0:1/ Kroos as sub)Lahm
85.3%
Played 7 matches at FIFA World Cup 2014 (Germany Champions)Lahm
85.3%
Started in CL Final 2016/2017 and 2018 for Real MadridNavas
85.3%
Started in CL Final 2016/2017 and 2018 for Real MadridBenzema
85.3%
Germany's XI in his first match 03.03.2010 (lost 0:1/ Kroos as sub)Boateng
83.8%
Played 7 matches at FIFA World Cup 2014 (Germany Champions)Boateng
83.8%
Dream Team of World Cup 2018 (voted by Internet-Users, not by FIFA)Mats Hummels
83.8%
Dream Team of World Cup 2018 (voted by Internet-Users, not by FIFA)James Rodriguez
83.8%
Started in CL Final 2016/2017 and 2018 for Real MadridRamos
83.8%
Team of tournament UEFO Euro 2016Boateng
83.8%
Germany's XI in his first match 03.03.2010 (lost 0:1/ Kroos as sub)Schweinsteiger
82.4%
Dream Team of World Cup 2018 (voted by Internet-Users, not by FIFA)Thiago Silva
82.4%
Bayern München's XI in his first match 26.09.2007 vs. Energie Cottbus (5:0 win/ Kroos as sub)Schweinsteiger
82.4%
Germany's XI in his first match 03.03.2010 (lost 0:1/ Kroos as sub)Müller
80.9%
Germany's XI in his first match 03.03.2010 (lost 0:1/ Kroos as sub)Klose
80.9%
Most expensive departures of Bayern München ever (Kroos second with 25 Mio.)Götze
80.9%
Played 7 matches at FIFA World Cup 2014 (Germany Champions)Müller
80.9%
Dream Team of World Cup 2018 (voted by Internet-Users, not by FIFA)Thomas Müller
80.9%
Started in CL Final 2016/2017 and 2018 for Real MadridMarcelo
80.9%
Started in CL Final 2016/2017 and 2018 for Real MadridCasemiro
80.9%
Bayern München's XI in his first match 26.09.2007 vs. Energie Cottbus (5:0 win/ Kroos as sub)Klose
80.9%
Germany's XI in his first match 03.03.2010 (lost 0:1/ Kroos as sub)Özil
79.4%
Germans playing for Real MadridÖzil
79.4%
Played 7 matches at FIFA World Cup 2014 (Germany Champions)Özil
79.4%
Germany's XI in his first match 03.03.2010 (lost 0:1/ Kroos as sub)Khedira
77.9%
Germans playing for Real MadridKhedira
77.9%
Played 7 matches at FIFA World Cup 2014 (Germany Champions)Robben
77.9%
Team of tournament UEFO Euro 2016Pepe
75%
Played 7 matches at FIFA World Cup 2014 (Germany Champions)Luiz
73.5%
Dream Team of World Cup 2018 (voted by Internet-Users, not by FIFA)David Luiz
73.5%
Started in CL Final 2016/2017 and 2018 for Real MadridCarvajal
73.5%
Team of tournament UEFO Euro 2016Ramsey
73.5%
Hint Answer % Correct
Bayern München's XI in his first match 26.09.2007 vs. Energie Cottbus (5:0 win/ Kroos as sub)Kahn
73.5%
Dream Team of World Cup 2018 (voted by Internet-Users, not by FIFA)Angel Di Maria
72.1%
Started in CL Final 2016/2017 and 2018 for Real MadridModric
72.1%
Bayern München's XI in his first match 26.09.2007 vs. Energie Cottbus (5:0 win/ Kroos as sub)Ribery
72.1%
Germany's XI in his first match 03.03.2010 (lost 0:1/ Kroos as sub)Podolski
70.6%
Played 7 matches at FIFA World Cup 2014 (Germany Champions)Mascherano
70.6%
Played 7 matches at FIFA World Cup 2014 (Germany Champions)Higuain
70.6%
Bayern München's XI in his first match 26.09.2007 vs. Energie Cottbus (5:0 win/ Kroos as sub)Podolski
70.6%
Played 7 matches at FIFA World Cup 2014 (Germany Champions)Romero
67.6%
Team of tournament UEFO Euro 2016Patricio
67.6%
Team of tournament UEFO Euro 2016Griezmann
66.2%
Germany's XI in his first match 03.03.2010 (lost 0:1/ Kroos as sub)Gomez
64.7%
Golden Ball at U17 World Cup (Kroos 2007)Gomez
64.7%
Germany's XI in his first match 03.03.2010 (lost 0:1/ Kroos as sub)Ballack
63.2%
Bayer Leverkusen's XI in his first match 28.02.2009 vs. Hannover (lost 1:0/ Kroos as sub)Vidal
60.3%
Most expensive departures of Bayern München ever (Kroos second with 25 Mio.)Vidal
60.3%
Dream Team of World Cup 2018 (voted by Internet-Users, not by FIFA)Jogi Löw
60.3%
German Footballer of the Year, but not playing for German Club (Kroos 2018 playing for Real Madrid)Matthäus
58.8%
Germany's XI in his first match 03.03.2010 (lost 0:1/ Kroos as sub)Mertesacker
57.4%
Played 7 matches at FIFA World Cup 2014 (Germany Champions)Cesar
57.4%
Played 7 matches at FIFA World Cup 2014 (Germany Champions)Cillessen
57.4%
Most expensive departures of Bayern München ever (Kroos second with 25 Mio.)Mandzukic
54.4%
Team of tournament UEFO Euro 2016Kimmich
54.4%
German Footballer of the Year, but not playing for German Club (Kroos 2018 playing for Real Madrid)Klinsmann
54.4%
Bayern München's XI in his first match 26.09.2007 vs. Energie Cottbus (5:0 win/ Kroos as sub)Demichelis
52.9%
Golden Ball at U17 World Cup (Kroos 2007)Donovan
51.5%
Germans playing for Real MadridMetzelder
50%
Team of tournament UEFO Euro 2016Payet
50%
Most expensive departures of Bayern München ever (Kroos second with 25 Mio.)Hargreaves
48.5%
Played 7 matches at FIFA World Cup 2014 (Germany Champions)Oscar
48.5%
Played 7 matches at FIFA World Cup 2014 (Germany Champions)Höwedes
47.1%
German Footballer of the Year, but not playing for German Club (Kroos 2018 playing for Real Madrid)Bierhoff
47.1%
Bayern München's XI in his first match 26.09.2007 vs. Energie Cottbus (5:0 win/ Kroos as sub)Van Buyten
45.6%
Bayer Leverkusen's XI in his first match 28.02.2009 vs. Hannover (lost 1:0/ Kroos as sub)Adler
42.6%
Germany's XI in his first match 03.03.2010 (lost 0:1/ Kroos as sub)Adler
42.6%
Most expensive departures of Bayern München ever (Kroos second with 25 Mio.)Luiz Gustavo
42.6%
Bayern München's XI in his first match 26.09.2007 vs. Energie Cottbus (5:0 win/ Kroos as sub)Toni
42.6%
Played 7 matches at FIFA World Cup 2014 (Germany Champions)Blind
41.2%
Bayern München's XI in his first match 26.09.2007 vs. Energie Cottbus (5:0 win/ Kroos as sub)van Bommel
41.2%
Played 7 matches at FIFA World Cup 2014 (Germany Champions)Zabaleta
39.7%
Team of tournament UEFO Euro 2016Allen
39.7%
Hint Answer % Correct
Germans playing for Real MadridIllgner
38.2%
Germans playing for Real MadridSchuster
38.2%
Team of tournament UEFO Euro 2016Guerreiro
38.2%
Bayern München's XI in his first match 26.09.2007 vs. Energie Cottbus (5:0 win/ Kroos as sub)Ze Roberto
33.8%
Golden Ball at U17 World Cup (Kroos 2007)Foden
30.9%
Bayer Leverkusen's XI in his first match 28.02.2009 vs. Hannover (lost 1:0/ Kroos as sub)Friedrich
30.9%
Played 7 matches at FIFA World Cup 2014 (Germany Champions)Vlaar
30.9%
Most expensive departures of Bayern München ever (Kroos second with 25 Mio.)Benatia
29.4%
Played 7 matches at FIFA World Cup 2014 (Germany Champions)Ramires
27.9%
Most expensive departures of Bayern München ever (Kroos second with 25 Mio.)Rudy
26.5%
Played 7 matches at FIFA World Cup 2014 (Germany Champions)Garay
26.5%
Played 7 matches at FIFA World Cup 2014 (Germany Champions)Biglia
26.5%
Played 7 matches at FIFA World Cup 2014 (Germany Champions)de Vrij
26.5%
Played 7 matches at FIFA World Cup 2014 (Germany Champions)Wijnaldum
26.5%
Germany's XI in his first match 03.03.2010 (lost 0:1/ Kroos as sub)Cacau
19.1%
Bayern München's XI in his first match 26.09.2007 vs. Energie Cottbus (5:0 win/ Kroos as sub)Lell
19.1%
Bayern München's XI in his first match 26.09.2007 vs. Energie Cottbus (5:0 win/ Kroos as sub)Jansen
19.1%
Golden Ball at U17 World Cup (Kroos 2007)Iheanacho
17.6%
Golden Ball at U17 World Cup (Kroos 2007)Fabregas
17.6%
Bayer Leverkusen's XI in his first match 28.02.2009 vs. Hannover (lost 1:0/ Kroos as sub)Rolfes
16.2%
Bayer Leverkusen's XI in his first match 28.02.2009 vs. Hannover (lost 1:0/ Kroos as sub)Barnetta
16.2%
Germans playing for Real MadridBreitner
16.2%
Bayer Leverkusen's XI in his first match 28.02.2009 vs. Hannover (lost 1:0/ Kroos as sub)Charisteas
14.7%
Bayer Leverkusen's XI in his first match 28.02.2009 vs. Hannover (lost 1:0/ Kroos as sub)Kadlec
13.2%
Germans playing for Real MadridStielike
13.2%
German Footballer of the Year, but not playing for German Club (Kroos 2018 playing for Real Madrid)Häßler
13.2%
Bayer Leverkusen's XI in his first match 28.02.2009 vs. Hannover (lost 1:0/ Kroos as sub)Augusto
11.8%
Bayer Leverkusen's XI in his first match 28.02.2009 vs. Hannover (lost 1:0/ Kroos as sub)Kießling
11.8%
Germans playing for Real MadridNetzer
11.8%
Golden Ball at U17 World Cup (Kroos 2007)Sinama-Pongolle
10.3%
Bayern München's XI in his first match 26.09.2007 vs. Energie Cottbus (5:0 win/ Kroos as sub)Altintop
10.3%
German Footballer of the Year, but not playing for German Club (Kroos 2018 playing for Real Madrid)Briegel
8.8%
Bayer Leverkusen's XI in his first match 28.02.2009 vs. Hannover (lost 1:0/ Kroos as sub)Sarpei
7.4%
Bayer Leverkusen's XI in his first match 28.02.2009 vs. Hannover (lost 1:0/ Kroos as sub)Helmes
7.4%
Golden Ball at U17 World Cup (Kroos 2007)Anderson
5.9%
Germany's XI in his first match 03.03.2010 (lost 0:1/ Kroos as sub)Tasci
2.9%
Golden Ball at U17 World Cup (Kroos 2007)Emmanuel
2.9%
Bayer Leverkusen's XI in his first match 28.02.2009 vs. Hannover (lost 1:0/ Kroos as sub)Sinkiewicz
1.5%
Bayer Leverkusen's XI in his first match 28.02.2009 vs. Hannover (lost 1:0/ Kroos as sub)Dum
1.5%
Golden Ball at U17 World Cup (Kroos 2007)Nwakali
1.5%

You're not logged in!

Compare scores with friends on all Sporcle quizzes.
OR
Log In

Show Comments

Extras

Created May 17, 2019ReportNominate
Tags:anyone, toni

Top Quizzes Today


Score Distribution

Your Account Isn't Verified!

In order to create a playlist on Sporcle, you need to verify the email address you used during registration. Go to your Sporcle Settings to finish the process.

Report this User

Report this user for behavior that violates our Community Guidelines.

Details: